| 000 | 00838nam a22002417a 4500 | ||
|---|---|---|---|
| 005 | 20240530110916.0 | ||
| 008 | 220509s2007 ua a b b 000 0 ara d | ||
| 017 |
_a2006/24016 _bمصر. دار الكتب |
||
| 020 | _a9770919233 | ||
| 040 |
_aEG-CaGPL _cEG-CaGPL |
||
| 082 | 0 | 4 |
_221 _a810.9\ _bع ف |
| 100 | 0 | _aعبدالوهاب المسيرى | |
| 245 | 1 | 0 |
_aفى الادب والفكر : _bدراسات فى الشعر والنثر / _cعبدالوهاب المسيرى |
| 250 | _aط.1 | ||
| 260 |
_aالقاهرة : _bمكتبة الشروق الدولية، _c2007 |
||
| 300 |
_a347 ص. ؛ _c24 سم |
||
| 650 | 0 | 7 |
_2qrmak _aالادب العربى |
| 650 | 0 | 7 | _aالنثر العربى |
| 650 | 0 | 7 | _aالشعر العربى |
| 651 | _2qrmak | ||
| 942 |
_2ddc _cBK |
||
| 999 |
_c66388 _d66388 |
||